1960's Song Titles: Fill In The Missing Word - UK Band Names - Statistics

General Stats
  • This quiz has been taken 299 times
  • The average score is 9 of 20
Answer Stats
Artist Answer % Correct
Tokens The Lion Sleeps {Tonight}
96%
Beatles Ticket To {Ride}
92%
David Bowie {Space} Oddity
91%
Link Wray {Ace} Of Spades
85%
Norman Greenbaum Spirit In The {Sky}
81%
Sonny and Cher The {Beat} Goes On
66%
Searchers Sweets For My {Sweet}
65%
Troggs With A {Girl} Like You
65%
Leonard Cohen Bird On The {Wire}
58%
Kinks Dedicated Follower Of {Fashion}
48%
Doors {Hello} I Love You
36%
Jimi Hendrix Experience Crosstown {Traffic}
22%
Rolling Stones She's A {Rainbow}
19%
Lulu I'm A {Tiger}
11%
Manfred Mann Semi Suburban Mr {James}
9%
The Herd From The {Underworld}
7%
Tyrannosauras Rex {King} Of The Rumbling Spires
6%
Equals {Police} On My Back
4%
Max Harris Gurney {Slade}
3%
The Saxons {Camel} Walk
1%
No matching quizzes found
Score Distribution
Percent of People with Each Score
Percentile by Number Answered
Your Score History
You have not taken this quiz